O mistério da coisinha azul (Registo nº 2245)
[ vista simples ]
| 000 -Etiqueta do registo | |
|---|---|
| Cabeçalho | 00653nam a22002171 4500 |
| 005 - Identificador da versão | |
| Campo de controlo | 20240827115116.0 |
| 010 ## - Número internacional normalizado dos livros (ISBN) | |
| Número (ISBN) | 9726214947 |
| 100 ## - Dados gerais de processamento | |
| Dados gerais de processamento | 19980908d1989 da y0pory5003 ba |
| 101 0# - Língua de publicação | |
| Língua do texto, banda sonora, etc. | Português |
| 102 ## - Pais de publicação ou produção | |
| País de publicação | Portugal |
| 200 1# - Titulo e menção de responsabilidade | |
| Título próprio | O mistério da coisinha azul |
| Primeira menção de responsabilidade | Maria Rosa Colaço |
| Outras menções de responsabilidade | il. Ana Duarte de Almeida |
| 210 ## - Publicação, Distribuição, etc. | |
| Lugar da edição, distribuição, etc. | Lisboa |
| Nome do editor, distribuidor, etc. | Plátano |
| Data da publicação, distribuição, etc. | cop. 1989 |
| 215 ## - Descrição física | |
| Indicação específica da natureza do documento e extensão da espécie | 45 p. |
| Outras indicações físicas | il. |
| Dimensões | 25 cm |
| 225 2# - Colecção | |
| Título próprio da colecção | A rã que ri |
| Indicação de volume | 23 |
| 606 ## - Nome comum usado como assunto | |
| Número de registo de entrada de autoridade | 0000364 |
| Palavra de ordem | Literatura portuguesa infanto-juvenil |
| Subdivisão de assunto | Conto |
| 675 ## - Classificação Decimal Universal (CDU) | |
| Notação | 821.134.3-34 |
| Edição | 2ª |
| Língua da edição | por |
| 700 #1 - Nome de autor-pessoa física (responsabilidade principal) | |
| Número de registo de entrada de autoridade | 0001071 |
| Palavra de ordem | Colaço |
| Outra parte do nome não tomada para palavra de ordem | Maria Rosa |
| Datas | 1935-2004 |
| 702 #1 - Nome de autor-pessoa física (responsabilidade secundária) | |
| Número de registo de entrada de autoridade | 0001072 |
| Palavra de ordem | Almeida |
| Outra parte do nome não tomada para palavra de ordem | Ana Duarte de |
| Código de função | Ilustrador / Técnico de desenho computorizado |
| 942 ## - Elementos de entrada adicionados (Koha) | |
| Tipo de item no Koha | Livro |
| Situação do levantamento | Origin of item (home branch) (coded) | Biblioteca de empréstimo | Código de barras | Cota | Circulation type (not for loan) | Tipo de documento | Nota do exemplar | Damaged status |
|---|---|---|---|---|---|---|---|---|
| Biblioteca Escolar da Coca Maravilhas | Biblioteca Escolar da Coca Maravilhas | BECM3640/98 | 8POR COL | Livro | Sem mensagem |
